| 000 | 00760cam a2200265 i 4500 | ||
|---|---|---|---|
| 008 | 180828s2018 fr 000 1 fre | ||
| 010 | _a 2018428728 | ||
| 020 | _a9782878589887 | ||
| 040 |
_aDLC _beng _cDLC |
||
| 050 | 0 | 0 |
_aPQ2682.A3918 _bH68 2018 |
| 082 | 0 | 0 |
_a843/.914 _223 |
| 092 | 0 | 4 |
_a843.914 _bV182 _221 |
| 099 |
_a04 _a843.914 V182 |
||
| 100 | 1 |
_aVallejo, Francois, _d1960- _eauthor. |
|
| 245 | 1 | 0 |
_aHotel Waldheim / _cFrancois Vallejo. |
| 260 |
_a[Paris] : _bViviane Hamy, _c[2018] |
||
| 300 |
_a297 p. ; _c21 cm |
||
| 600 | 1 | 0 |
_aVallejo, Francois, _d1960- |
| 650 | 0 |
_aFrench fiction _y20th century. |
|
| 902 | _a1 | ||
| 905 |
_aGhada _eCat. |
||
| 905 |
_aJihan _eRev |
||
| 942 |
_2ddc _cBK |
||
| 999 |
_c154126 _d154126 |
||